00672nam a22001937a 4500999001900000005001700019010001500036020003100051035001400082037000900096082001400105100001600119245007700135260002900212270005500241300002700296942002800323952012700351 c183901d18390120220106171910.0 aENG-130999 a978-93-90232-45-1c1050.00 aEN-114531 bDBAD a333.31954 aRobb, Peter aIdeas Matter:cPeter RobbbDebating the Impact of British Rule on India/ aDelhibPrimus Bookc2020 bDelhie110009aMukherjee Nagar, Commercial Complex axiii, 295p.c23cm(hbk) 2ddccENh333.31954mROB 001040718NFICaDBADbMd2022-01-06eDBAD/PUBg1050.00l0o333.31954 ROBpEN-114531r2022-01-06 00:00:00t1v1050.00yEN